LEADER 00793nam a2200193 i 4500 001 000000212932 003 CaOOAMICUS 005 20120503000000.0 008 120503s1822 it u000 u ita u 013 $a191782 026 $ag-i- mei- i-ro maNo (7) 1822 (R) 040 $aSeMil$bita 100 1 $aMontolieu, Isabelle .$0(OLS)http://semarc/name/12039 245 10$aVol. 1. 300 $a223, [1], 6 p. :$bill. 773 0 $tSaint-Clair delle isole ossia gli esiliati all'isola di Barra di madama di Montolieu. Traduzione di Luigi Motta. Vol. 1. [-4.].$dMilano : Dalla tipografia di Omobono Manini, 1822-1823.$g1$w()26694 850 $aSeMil 852 $aSeMil$W1$xVenegono$y1$m1V I 33 FA$j163362$B163362$CSeMilBibl$Z2$F174469 $8I 996 $6245$aVol. 1$9(OLS)http://semarc/title/13429 LEADER 00862nam a2200229 i 4500 001 000000053821 003 CaOOAMICUS 005 20070523000000.0 008 070523s1987 it u000 u ita u 013 $a24993 040 $aSeMil$bita 100 1 $aBernhard, Thomas <1931->.$0(OLS)http://semarc/name/26626 245 12$aL'imitatore di voci /$cThomas Bernhard. 260 $aMilano :$bAdelphi,$ccopyr. 1987. 300 $a165 p. ;$c18 cm. 490 0 $aPiccola Biblioteca Adelphi ;$v207 830 0$aPiccola biblioteca Adelphi ;$v207.$0(OLS)http://semarc/title/7074 850 $aSeMil 852 $aSeMil$W1$xVenegono$y1$m1W I 741$j270865$B19975$CSeMilBibl$Z2$F19977 $81 961 $aOmaggio: Agenzia internazionale 996 $6245$aL'imitatore di voci$9(OLS)http://semarc/title/83044 996 $6260$aMilano :$bAdelphi$9(OLS)http://semarc/publisher/30018